| 000 | 00344nam a22001577a 4500 | ||
|---|---|---|---|
| 003 | SGT | ||
| 020 | _a978-81-8473-558-1 | ||
| 082 |
_a615.321 _bP11T |
||
| 100 | _aTYLER, VARRO.E | ||
| 245 | _aPHARMACOGNOSY | ||
| 250 | _a9TH | ||
| 260 |
_aNEW DELHI _bWOLTER / LIPPINCOTT _c2011 |
||
| 300 | _a519 | ||
| 650 | _aPHARMACOGNOSY | ||
| 942 |
_2ddc _cBK _05 |
||
| 999 |
_c9634 _d9634 |
||